000 00665nam a2200241Ia 4500
003 OSt
005 20220918183522.0
006 a|||||r|||| 00| 0
007 ta
008 220917b |||||||| |||| 00| 0 eng d
024 _a38,590
037 _cTextual
040 _aARTS
_cARTS
_beng
041 _2eng
_aeng
082 _aO15:9x8:1:7, E2
100 _aGovinda
_962984
245 0 _aKavya pradipa with the comm of Vaidyanatha Tatsat ed by Durga Prasad and Vasudev Laxman Pansikar
260 _c1912
490 _aKavyamala; 24
650 _aENGLISH LITERATURE
942 _hO15:9x8:1:7, E2
_cTEXL
_2CC
999 _c172918
_d172918